[Event "HokkaidoCh2019"]
[Site "?"]
[Date "2019.03.23"]
[Round "2.2"]
[White "Kanamaru, Tomoji"]
[Black "Drakakis, Athanasios"]
[Result "0-1"]
[WhiteElo "1621"]
[BlackElo "1836"]
[Annotator "Fritz 15 (30s)"]
[PlyCount "34"]
[SourceVersionDate "2019.03.23"]

{B01: Scandinavian Defence} 1. e4 d5 2. exd5 Qxd5 3. Nc3 Qa5 4. d3 c6 (4... g6
5. Bd2 Bh6 6. Bxh6 Nxh6 7. h3 Nc6 8. Nge2 Nf5 9. a3 Be6 10. b4 Qe5 11. Ne4
O-O-O 12. g3 Ncd4 13. Bg2 Nxc2+ {0-1 (13) Naumov,A (2212)-Reprintsev,A (2428)
Dos Hermanas 2003}) (4... Nf6 5. Bd2 Nc6 6. g3 Bg4 7. f3 Bh5 8. h4 h6 9. g4 Bg6
10. f4 O-O-O 11. Bg2 e6 12. Bxc6 bxc6 13. h5 Bh7 14. Qf3 Nd5 15. Nxd5 Qxd5 16.
Bc3 f6 17. Qxd5 cxd5 18. Ne2 Bd6 19. O-O-O {Pueyo Burrel,D (2167)-Ibanez
Tarradellas,E (2267) Barcelona 2015 1/2-1/2}) 5. Be2 Nf6 6. Nf3 Bg4 $146 (6...
Bf5 7. Nd4 Bg6 8. Bf3 e5 9. Nb3 Qc7 10. Be3 Nbd7 11. Nd2 Bb4 12. Nde4 Nxe4 13.
Bxe4 Bxe4 14. dxe4 Bxc3+ 15. bxc3 Nf6 16. f3 O-O 17. O-O Rfd8 18. Qe2 Qa5 19.
Qc4 Nd7 20. Qb4 Qc7 21. Rfd1 {Nelsen,A (2251)-Bock,J (2251) Kleve 2001 0-1 (57)
}) 7. h3 {White threatens to win material: h3xg4} Bh5 8. O-O e6 {Prevents
intrusion on d5} 9. a3 {Covers b4} Nbd7 10. Be3 Be7 11. Re1 O-O 12. Nd4 Bg6 13.
Bf3 Qc7 14. Ne4 Rad8 15. Nc3 a6 {Controls b5} 16. Qd2 Bd6 17. Nde2 (17. g3 $5
$11 {looks like a viable alternative}) 17... Ne5 $17 0-1

[Event "HokkaidoCh2019"]
[Site "?"]
[Date "2019.03.23"]
[Round "2.4"]
[White "Nishimori, Toshiyuki"]
[Black "Takeuchi, Hiroshi"]
[Result "1-0"]
[WhiteElo "1811"]
[BlackElo "1276"]
[Annotator "Fritz 15 (30s)"]
[PlyCount "43"]
[SourceVersionDate "2019.03.23"]

{[%mdl 8256] C02: French: Advance Variation} 1. e4 e6 2. d4 d5 3. e5 Nc6 4. Be3
$146 {Black has a cramped position} (4. c3 Nge7 5. Bd3 Bd7 6. h4 g6 7. h5 Bg7
8. h6 Bf8 9. Bg5 b6 10. Bf6 Bxh6 11. Rxh6 Nf5 12. Bxf5 Nxe5 13. Bxd8 {1-0 (13)
WindPower (2412)-LuBueWy (2486) playchess.com INT 2006}) (4. f4 f6 (4... Nge7
5. Nf3 Ng6 6. c3 Be7 7. Bd3 b6 8. O-O a5 9. Qa4 O-O 10. f5 Nh8 11. Be3 Qe8 12.
f6 gxf6 13. Qc2 fxe5 14. Bxh7+ Kg7 15. dxe5 f5 16. exf6+ Bxf6 17. Bd3 Qh5 18.
Na3 Bd7 19. Nb5 {Rumpf,T (2252)-Bruemmer,F (2237) Germany 2004 0-1 (44)}) 5.
Nf3 Qe7 6. c3 Bd7 7. Bd3 O-O-O 8. O-O Qf7 9. b4 Kb8 10. a4 Nge7 11. Nbd2 a5 12.
bxa5 Nxa5 13. Ba3 Nec6 14. Bxf8 Rhxf8 15. Qc2 Qh5 16. h3 Qh6 17. Nh2 f5 18. Rf2
g5 {Papp,G (2571)-Petenyi,T (2457) Slovakia 2013 1-0 (58)}) 4... Bb4+ (4...
Nge7 5. Bd3 $11) 5. c3 $14 {White threatens to win material: c3xb4} Ba5 6. Bd3
Nge7 7. Ne2 Bb6 8. O-O O-O 9. Nd2 Bd7 10. a4 a6 {Consolidates b5} 11. b4 Nb8 (
11... Nf5 $5 $14) 12. Nf3 c6 (12... Nbc6 13. a5 Ba7 14. Qc2 $16) 13. Ng3 Qc7 $4
{the pressure is too much, Black crumbles} (13... Nf5 $142 $16) 14. Bxh7+ $1
$18 {touch・} Kxh7 (14... Kh8 15. Ng5 g6 16. Qg4 Rg8 17. Bxg8 Kxg8 18. Qh3 Kf8
19. Qh8+ Ng8 20. Nh7+ Ke7 21. Bg5+ f6 22. Bxf6+ Kf7 23. Qg7+ Ke8 24. Qxg8#) 15.
Ng5+ Kg8 16. Qh5 Re8 17. Qxf7+ Kh8 18. Nh5 Rg8 (18... Qxe5 {cannot change
destiny} 19. dxe5 Rg8 20. Nf6 Be8 21. Qxe8 gxf6 22. Qh5+ Kg7 23. Nxe6#) 19.
Qxe7 (19. Nf6 Be8 20. Qxe8 gxf6 21. Qh5+ Kg7 22. Nxe6#) 19... Be8 $18 20. Qxc7
Bxc7 21. Nf4 Bd7 (21... Nd7 $18 {is still a small chance}) 22. Ng6# 1-0

[Event "HokkaidoCh2019"]
[Site "?"]
[Date "2019.03.23"]
[Round "2.5"]
[White "Kikuchi, Akira"]
[Black "Aoki, Yasuhiro"]
[Result "1/2-1/2"]
[WhiteElo "1718"]
[BlackElo "1665"]
[Annotator "Fritz 15 (30s)"]
[PlyCount "84"]
[SourceVersionDate "2019.03.23"]

{A48: 1 d4 Nf6 2 Nf3 g6: Torre, London and Colle Systems} 1. d4 Nf6 2. Nf3 g6
3. Bf4 Bg7 4. e3 d6 5. Nbd2 O-O 6. c3 c5 (6... Nbd7 7. Bc4 Qe8 8. O-O e5 9. Bg5
a6 10. a4 b6 11. Ne1 Bb7 12. f4 Nd5 13. Nc2 exd4 14. exd4 Ne3 15. Nxe3 Qxe3+
16. Rf2 h6 17. Bh4 Nf6 18. Bxf6 Bxf6 19. Qg4 d5 20. Bb3 c5 21. Nf3 {Nogueiras
Santiago,J (2570)-Jimenez Fraga,P (2402) Ciego de Avila 2010 1/2-1/2 (33)}) (
6... Nh5 7. Bg5 h6 8. Bh4 f5 9. Be2 g5 10. Bg3 Qe8 11. Ng1 Nf6 12. Qb3+ Kh8 13.
f4 g4 14. h3 Nh5 15. Nf1 e5 16. fxe5 Nxg3 17. Nxg3 dxe5 18. d5 f4 19. Ne4 Qg6
20. Nf2 gxh3 21. gxh3 {Draganic,S (2161)-Cop,T (2301) Grubisno Polje 2014 0-1 
(33)}) 7. Bd3 Nc6 8. Qe2 $146 (8. O-O cxd4 9. exd4 e5 10. Bg5 h6 11. Bxf6 Qxf6
12. d5 Nb8 13. c4 Na6 14. a3 Nc5 15. Ne4 Nxe4 16. Bxe4 Qd8 17. Nd2 Qb6 18. b4
Qd4 19. Qe2 f5 20. Bc2 b5 21. Rfd1 Qb6 22. cxb5 e4 {Brkic,A (2208)-Mamedov,R 
(2230) Oropesa del Mar 2000 1/2-1/2}) 8... a6 {Consolidates b5} 9. h3 {
Prevents intrusion on g4} b5 10. O-O c4 {Black threatens to win material: c4xd3
} 11. Bc2 d5 (11... Re8 12. a4 Bb7 13. axb5 axb5 14. Rfd1 $11) 12. e4 $14 dxe4
13. Nxe4 {White has an active position} Nd5 {Black threatens to win material:
Nd5xf4} 14. Bg3 Nb6 (14... Bf5 15. Rfe1 $14) 15. a3 (15. Nc5 Nd5 $16) 15... Bf5
$14 16. Rad1 Bxe4 17. Bxe4 Nd5 {The knight is not easily driven from d5} 18.
Rfe1 e6 {Covers d5+f5} 19. Ne5 {White threatens to win material: Ne5xc6} Qc8 (
19... Rc8 20. a4 $14) 20. Bf3 (20. Bxd5 exd5 21. Qf3 Nxe5 22. dxe5 Re8 $16)
20... Ra7 21. Qd2 Nxe5 22. Bxe5 Rd7 23. Bxg7 Kxg7 {Black king safety dropped}
24. Qe2 Kg8 {Black king safety improved} 25. Qe5 Qc7 26. Qxc7 Rxc7 27. Bxd5
exd5 {A double rook endgame occured.} 28. Re5 {White threatens to win material:
Re5xd5} Rd8 29. Rde1 Kf8 30. f4 Rc6 31. Kf2 Rdd6 32. Kf3 a5 33. Re8+ Kg7 34.
Rb8 Rb6 35. Rxb6 {White forks: b5+d6} Rxb6 36. Re5 {White threatens to win
material: Re5xd5} Rd6 37. Re1 h5 (37... Rb6 38. f5 $11) 38. g4 $14 Kf6 (38...
b4 39. axb4 axb4 40. cxb4 hxg4+ 41. hxg4 $11) 39. g5+ Kg7 40. h4 (40. Re5 $142
$5 $16) 40... Re6 $11 41. Rxe6 fxe6 {A pawn endgame occured} 42. Ke3 a4 1/2-1/2

[Event "HokkaidoCh2019"]
[Site "?"]
[Date "2019.03.23"]
[Round "2.6"]
[White "Kobayashi, Katsuhiko"]
[Black "Koyahata, Taku"]
[Result "0-1"]
[WhiteElo "1564"]
[BlackElo "1401"]
[Annotator "Fritz 15 (30s)"]
[PlyCount "68"]
[SourceVersionDate "2019.03.23"]

{[%mdl 8192] A00: Irregular Openings} 1. a4 e5 2. e4 Nf6 3. Nc3 Bc5 $146 (3...
Bb4 4. Bc4 O-O 5. d3 d5 6. exd5 c6 7. dxc6 Nxc6 8. Nf3 Bg4 9. h3 Bxf3 10. Qxf3
Nd4 11. Qd1 {1/2-1/2 (11) Nirav Y,R (2255)-Suvrajit,S (2205) Kolkata 1996}) (
3... Nc6 4. Nf3 Bb4 5. Bb5 O-O 6. O-O d6 7. d3 Bg4 8. Ne2 a6 9. Bxc6 bxc6 10.
Ng3 Nh5 11. h3 Nxg3 12. fxg3 Bd7 13. g4 Bc5+ 14. Kh1 Qe7 15. Qe1 f6 16. Nh4 g6
17. Bh6 Rf7 18. Rb1 {Carlsen,M (2837)-Radjabov,T (2788) Astana 2012 1-0 (32)})
4. Nf3 Nc6 5. Bb5 d6 6. Bxc6+ bxc6 {Black has the pair of bishops} 7. O-O O-O
8. d3 h6 {Controls g5} 9. Bd2 Bg4 10. Rb1 Rb8 11. h3 Bh5 12. g4 $2 (12. Ne2
Bxf3 13. gxf3 d5 $11) 12... Bg6 $4 {Black has let it slip away} (12... Nxg4
$142 {and the scales tip in favour of Black} 13. Qe1 f5 $19) 13. Ne2 $11 Nh7 $4
{there were better ways to keep up the pressure} (13... a6 $142 $11 {is a
viable option}) 14. b4 $18 Bd4 15. Nexd4 exd4 16. Nxd4 Qd7 17. b5 cxb5 18. Nxb5
(18. axb5 $5 Ra8 19. Ra1 $18) 18... a6 19. Nd4 (19. Nc3 f6 $16) 19... Qxa4 (
19... c5 20. Ne2 $14) 20. Nf5 (20. Rxb8 $5 Rxb8 21. Qa1 Qxa1 22. Rxa1 $16)
20... Bxf5 $14 21. exf5 (21. gxf5 Rxb1 22. Qxb1 Nf6 $14) 21... f6 {Secures g5.}
(21... Rxb1 22. Qxb1 Qc6 23. Qb3 $11) 22. Ra1 {White threatens to win material:
Ra1xa4} Qc6 23. f3 Rb2 24. c3 (24. Rf2 $5 $11 {deserves consideration}) 24...
Ng5 $15 25. Bxg5 hxg5 26. Qc1 Rfb8 27. Qe3 $4 {strolling merrily down the path
to disaster} (27. Rf2 R2b3 $17) 27... Rc2 {Black threatens to win material:
Rc2xc3} (27... Re8 $142 {and the result of the game is clear: Black will win}
28. Rxa6 Qb5 $19) 28. Qe6+ $2 (28. Rac1 $142 Rxc1 29. Rxc1 $17) 28... Kh7 $19
29. Qf7 $4 {simply worsens the situation} (29. Rf2 Qxc3 30. Rxc2 Qxc2 31. Qe1
$19) 29... Rbb2 30. Qg6+ (30. Ra2 {a fruitless try to alter the course of the
game} Rg2+ 31. Kh1 Rxa2 32. Qxa2 Rxa2 33. h4 Qxc3 34. hxg5 Qd2 35. g6+ Kh8 36.
Rf2 Qxf2 37. d4 Qg2#) 30... Kg8 31. Rfb1 (31. Qxg7+ {is no salvation} Kxg7 32.
Rf2 Rxf2 33. Re1 Rg2+ 34. Kh1 Rh2+ 35. Kg1 Rbg2+ 36. Kf1 Qxf3#) 31... Rg2+ (
31... Qb6+ 32. d4 Rxb1+ 33. Rxb1 Qxb1#) 32. Kh1 Rh2+ 33. Kg1 Rbg2+ 34. Kf1
Qxf3+ (34... Qxf3+ 35. Ke1 Rh1#) 0-1

[Event "HokkaidoCh2019"]
[Site "?"]
[Date "2019.03.23"]
[Round "2.7"]
[White "Ito, Katsuhide"]
[Black "Hakamada, Eiji"]
[Result "0-1"]
[WhiteElo "1303"]
[BlackElo "1531"]
[Annotator "Fritz 15 (30s)"]
[PlyCount "80"]
[SourceVersionDate "2019.03.23"]

{[%mdl 8256] B07: Pirc Defence: Miscellaneous Systems} 1. e4 d6 2. d4 Nf6 3.
Nc3 e6 4. Be2 $146 (4. Nf3 Be7 (4... Nbd7 5. Bc4 Be7 6. O-O O-O 7. Re1 c6 8. a4
b6 9. Ba2 a6 10. Be3 Ng4 11. Bc1 Ngf6 12. Be3 Ng4 13. Bc1 {1/2-1/2 (13) Rizouk,
A (2539)-Campora,D (2488) Seville 2011}) 5. Bd3 O-O 6. h4 h5 7. Bf4 Nc6 8. Qd2
Ng4 9. Bg3 e5 10. dxe5 dxe5 11. Nd5 Bd6 12. O-O-O Be6 13. Ng5 Qd7 14. Nxe6 Qxe6
15. Qg5 f5 16. Bc4 Kh7 17. Qxh5+ Qh6+ 18. Qxh6+ Kxh6 {Sanduleac,V (2300)-Bobu,
A (2335) Bucharest 1994 1-0}) (4. Bg5 Be7 5. e5 Nfd7 6. h4 a6 7. Qg4 Bxg5 8.
hxg5 c5 9. g6 f5 10. Qg3 h6 11. O-O-O cxd4 12. Nce2 d3 13. Rxd3 Nc6 14. f4 Nc5
15. Rd1 O-O 16. Nf3 Ne4 17. Qe1 Qe8 18. Nh4 Ne7 {Kosanovic,G (2370)
-Stamenkovic,Z (2405) Becici 1994 1/2-1/2 (48)}) (4. Be3 a6 5. a4 d5 6. e5 Nfd7
7. f4 c5 8. Nf3 Nc6 9. Qd2 Qb6 10. b3 cxd4 11. Nxd4 Bb4 12. a5 Qc7 13. Be2 Bxa5
14. Nxc6 Bxc3 15. Qxc3 bxc6 16. Qa5 Qxa5+ 17. Rxa5 f6 18. exf6 gxf6 {Janturin,
A (2241)-Tkachenko,E (2186) Moscow 2000 1-0 (33)}) 4... Be7 5. Nf3 O-O 6. O-O
c5 7. Be3 Nc6 8. Qd2 (8. d5 exd5 9. exd5 Ne5 $14) 8... b6 {Black has a cramped
position} (8... e5 9. dxe5 dxe5 10. Qxd8 Rxd8 11. Rfd1 $11) 9. Rad1 (9. d5 exd5
10. exd5 Ne5 $14) 9... Bb7 $11 10. d5 exd5 11. exd5 Nb4 {Black threatens to
win material: Nb4xd5} 12. Nh4 (12. Bc4 b5 13. Bxb5 Nbxd5 14. Nxd5 Nxd5 $11)
12... Nfxd5 13. Nf5 Bf6 14. Bf3 (14. Nb5 $5 $11) 14... Nxe3 (14... Nxc3 $5 15.
Bxb7 Nxd1 16. Rxd1 Qd7 17. Bxa8 Qxf5 $17) 15. fxe3 $15 {[%cal Rd2d6,Rf5d6,
Gd8d6] The backward pawn on d6 becomes a target} Bxf3 16. Rxf3 Be5 17. Ne4 {
[%cal Rd2d6,Re4d6,Rf5d6,Gd8d6,Ge5d6] Increases the pressure on the backward
pawn. White threatens to win material: Ne4xd6} Qc7 18. Nfxd6 (18. c3 $142 $5 {
is interesting} Nc6 19. Qd5 $15) 18... Rad8 $17 19. c3 (19. a3 Nc6 20. Rf5 Rd7
$19) 19... Bxd6 (19... Nc6 $142 $5 $19) 20. Nxd6 $17 Nc6 21. e4 (21. Rf5 $5 Ne7
22. Rff1 $17) 21... Ne5 $17 22. Re3 (22. Rf2 Nc4 23. Nxc4 Rxd2 24. Rfxd2 Qf4
$17) 22... Nc4 $1 $19 {Deflection: d6} 23. Nxc4 Rxd2 24. Rxd2 Qf4 (24... Rd8
25. Rd5 $19) 25. Rf2 (25. Re1 $142 $17) 25... Qc7 26. e5 (26. Rd2 Rd8 27. Rd5
$17) 26... Rd8 $17 27. Nd6 f6 $1 {Deflection: d6} 28. exf6 $4 {the position
was bad, and this mistake simply hastens the end.} (28. Re1 $142 $17) 28...
Qxd6 $19 29. Re7 (29. f7+ {does not help much} Kf8 30. h3 b5 $19) 29... gxf6
30. Rfe2 (30. Re1 {does not solve anything} Qd5 31. a3 Qg5 $19) 30... Rd7 (
30... Qf4 {and Black can already relax} 31. Re8+ Rxe8 32. Rxe8+ Kf7 33. Re2 $19
) 31. Re8+ (31. R7e4 {is not much help} Qd1+ 32. Kf2 Rd5 33. Re8+ Kf7 34. R8e7+
Kg6 $19) 31... Kf7 32. Rh8 (32. Re1 {doesn't change the outcome of the game}
Qd2 33. R8e2 Qg5 $19) 32... Kg7 (32... Qd3 33. Kf2 Qf5+ 34. Ke1 Qb1+ 35. Kf2
Rd1 $19) 33. Ree8 (33. Rhe8 {is one last hope} Qd1+ 34. Kf2 $19) 33... Qd1+ 34.
Kf2 Qc2+ (34... Rd2+ 35. Kg3 Qf1 36. Reg8+ Kh6 37. Kh4 Qf4+ 38. Kh3 Rd3+ 39. g3
Qf5+ 40. Rg4 Rd2 41. Rxh7+ Kxh7 42. c4 Qf1+ 43. Kh4 Rxh2#) 35. Kg3 Kh6 (35...
Rd3+ 36. Kh4 Qf2+ 37. g3 Qxh2+ 38. Kg4 Qxg3+ 39. Kf5 Qg5+ 40. Ke4 Re3#) 36.
Rhg8 Rd3+ 37. Kg4 (37. Kf4 {doesn't improve anything} Qf2+ 38. Ke4 Qe3+ 39. Kf5
Rd5+ 40. Kg4 Qf2 41. Rd8 Rh5 42. Rg6+ Kxg6 43. Rg8+ Kh6 44. Rg6+ hxg6 45. b4
Rh4#) 37... Qxg2+ 38. Kf5 Qf3+ (38... Qd5+ 39. Kxf6 Rf3+ 40. Ke7 Rf7#) 39. Ke6
Re3+ (39... Qd5+ 40. Ke7 Re3+ 41. Kf8 Qd6+ 42. Kf7 Qd7+ 43. Kxf6 Qc6+ 44. Kf7
Qf3#) 40. Kf7 Rxe8 (40... Rxe8 41. Rxe8 Qh5+ 42. Kf8 Qxe8+ 43. Kxe8 f5 $19) (
40... Qh5+ 41. Rg6+ Qxg6+ 42. Kf8 Qxe8#) 0-1

[Event "HokkaidoCh2019"]
[Site "?"]
[Date "2019.03.23"]
[Round "2.8"]
[White "Sato, Yasuji"]
[Black "Takahashi, Ryunosuke"]
[Result "0-1"]
[WhiteElo "1478"]
[BlackElo "1000"]
[Annotator "Fritz 15 (30s)"]
[PlyCount "72"]
[SourceVersionDate "2019.03.23"]

{[%mdl 8192] B22: Sicilian: 2 c3} 1. e4 c5 2. Nf3 Nc6 3. c3 d5 4. exd5 Qxd5 5.
Be2 Nf6 6. Na3 e5 (6... g6 7. d4 cxd4 8. Nb5 Qd7 9. Nbxd4 Bg7 10. O-O O-O 11.
Bg5 Qc7 12. Qc1 e5 13. Nxc6 bxc6 14. Bc4 Bg4 15. Nd2 h6 16. Bxf6 Bxf6 17. Ne4
Bg7 18. Qe3 Rae8 19. Qc5 Rd8 20. f3 Bf5 21. Rad1 {Schneider,I (2489)-Jones,G 
(2641) Germany 2012 1/2-1/2 (44)}) 7. Nb5 $146 (7. O-O e4 8. d4 Bg4 9. Nb5
O-O-O 10. Ng5 Bxe2 11. Qxe2 cxd4 {1/2-1/2 (11) Savic,M (2523)-Boskovic,D (2438)
Palic 2014}) (7. d3 Be7 8. O-O h6 9. Nc4 Be6 10. Re1 O-O-O 11. Qa4 g5 12. Bf1
Nd7 13. Nfd2 Ndb8 14. a3 f6 15. Ne3 Qd7 16. b4 a6 17. Rb1 Qc7 18. Qd1 Qd7 19.
Nec4 Qc7 20. b5 axb5 21. Rxb5 Na6 {Janev,E (2439)-Aghayev,M (2357) Bratto 2014
1-0 (41)}) 7... Qd8 {White has a cramped position. White's piece can't move: c1
} 8. O-O {White castles and improves king safety} a6 {Black threatens to win
material: a6xb5} 9. Na3 Be7 10. Bc4 (10. d3 $5 $15) 10... b5 $17 11. Bb3 (11.
Be2 O-O $17) 11... O-O (11... e4 12. Ne1 $17) 12. Re1 (12. d3 Bf5 13. Bc2 Qc7
$17) 12... Bg4 {White has a cramped position. White's piece can't move: c1} (
12... e4 $5 13. Ng5 Bg4 $19) 13. h3 {White threatens to win material: h3xg4}
Bh5 14. g4 (14. d3 Qc8 15. Bg5 Rd8 16. Bxf6 Bxf6 $17) 14... Nxg4 15. hxg4 Bxg4
{White wins a piece} 16. Kg2 (16. d3 Qd6 17. Re4 Qg6 $17) 16... Bh4 {Black has
a strong king attack} (16... c4 $5 17. Nxc4 bxc4 18. Bxc4 Qc8 $17) 17. Re4 (17.
d3 $142 $11) 17... Bxf3+ (17... Qd7 $142 $5 $15 {and Black is still in the game
}) 18. Qxf3 $16 c4 19. Nxc4 (19. Bc2 $5 Bg5 20. Rg4 $16) 19... bxc4 $11 20.
Bxc4 Bf6 21. d3 Na5 22. Bb3 Nxb3 23. axb3 a5 24. Raa4 (24. b4 Re8 $11) 24...
Qb6 (24... Qd6 25. Bd2 $15) 25. b4 $11 axb4 (25... Rfb8 26. bxa5 Rxa5 27. Be3
$14) 26. Rxa8 (26. Rexb4 $5 Qd8 27. Rxa8 Qxa8 28. Qxa8 Rxa8 29. Rb7 $16) 26...
Rxa8 $11 27. Rxb4 Qd8 28. Qe2 (28. Be3 Be7 29. Rb7 Ra6 $14) 28... Ra1 {Black
threatens to win material: Ra1xc1} 29. Bd2 {White king safety dropped} Be7 {
Black threatens to win material: Be7xb4} 30. Re4 Qd5 31. f3 (31. c4 Qa8 32. Qh5
f6 $11) 31... Bd6 $15 32. d4 (32. Rc4 $15) 32... f6 (32... f5 33. Re3 Rb1 34.
b4 $19) 33. c4 (33. dxe5 $5 Bxe5 34. Rd4 $11) 33... Qf7 $15 34. c5 {White
threatens to win material: c5xd6} Bc7 35. Bc3 $4 (35. Kf2 $142 {was possible}
Rh1 36. Rg4 $15) 35... f5 $19 36. Rxe5 (36. Kf2 {no good, but what else?} fxe4
37. Qxe4 exd4 38. Qxd4 $19) 36... Qg6+ (36... Qg6+ 37. Kh2 Qg1+ 38. Kh3 Qh1+
39. Kg3 g5 40. Be1 Rxe1 41. Qxe1 Qxe1+ 42. Kg2 Bxe5 43. dxe5 Qe2+ 44. Kg1 g4
45. fxg4 f4 46. g5 f3 47. b4 Qg2#) 0-1

[Event "HokkaidoCh2019"]
[Site "?"]
[Date "2019.03.23"]
[Round "3.1"]
[White "Drakakis, Athanasios"]
[Black "Sugimoto, Koichi"]
[Result "1-0"]
[WhiteElo "1836"]
[BlackElo "2013"]
[Annotator "Fritz 15 (30s)"]
[PlyCount "93"]
[SourceVersionDate "2019.03.23"]

{[%mdl 8192] D04: Colle System} 1. d4 d5 2. Nf3 Nf6 3. e3 Bg4 4. Bd3 e6 (4...
Nbd7 5. e4 e5 6. Be2 dxe4 7. Nfd2 Bxe2 8. Qxe2 c6 9. Nc3 Bb4 10. O-O O-O 11.
dxe5 {1/2-1/2 (11) Mamedjarova,T (2277)-Georgiev,V (2567) Differdange 2007}) 5.
O-O (5. c4 c6 6. O-O Nbd7 7. Nbd2 Bd6 8. b3 O-O 9. Bb2 Re8 10. e4 dxe4 11. Nxe4
Nxe4 12. Bxe4 Nf6 13. Bc2 c5 14. h3 Bh5 15. dxc5 Bxc5 16. Qe2 e5 17. g4 Nxg4
18. hxg4 Bxg4 19. Rad1 Qf6 {Dimakiling,O (2447)-Yeoh,L (2204) Melaka 2012 1-0 
(49)}) 5... Bd6 6. Nbd2 c5 $146 (6... Nbd7 7. h3 (7. Qe1 O-O 8. b3 Bb4 9. Bb2
Ne4 10. Qc1 f5 11. a3 Bd6 12. Ne5 Nxe5 13. dxe5 Bc5 14. b4 Bb6 15. Nb3 Qg5 16.
f4 Qh6 17. Bxe4 fxe4 18. Bd4 g5 19. Qd2 gxf4 20. exf4 Rf7 21. Rf2 Rg7 {
Kamberovic,S (2294)-Begic,S (2297) Neum 2000 0-1 (40)}) 7... Bh5 8. c4 c5 9. b3
O-O 10. Bb2 cxd4 11. exd4 b6 12. Rc1 Rc8 13. Be2 Qe7 14. Ne5 Bxe2 15. Qxe2 Ba3
16. Ndf3 Bxb2 17. Qxb2 dxc4 18. bxc4 Rc7 19. Rc2 Rfc8 20. Rfc1 Nxe5 21. Nxe5 {
Hinteregger,A (2160)-Neihs,H (2180) Werfen 1998 1/2-1/2}) 7. c3 (7. dxc5 Bxc5
8. a3 O-O $11) 7... Nc6 8. Re1 O-O 9. Qa4 c4 {Black threatens to win material:
c4xd3} 10. Bb1 a6 {White's piece can't move: c1} 11. h3 {White threatens to
win material: h3xg4} Bh5 12. e4 b5 13. Qd1 dxe4 14. Nxe4 Nxe4 15. Bxe4 Rc8 16.
g4 (16. Qe2 Re8 $11) 16... Bg6 17. Bxg6 hxg6 18. Qe2 Qc7 19. Bd2 Ne7 20. Rad1
a5 21. a3 {Consolidates b4} Nd5 {[%cal Yb5b4] Black prepares the advance b4}
22. Ne5 Nb6 23. f4 Na4 {Black threatens to win material: Na4xb2} 24. Bc1 (24.
Rb1 Rfe8 $15) 24... b4 (24... Bxa3 25. Qg2 Bd6 26. h4 $17) 25. axb4 axb4 26.
Qc2 {White threatens to win material: Qc2xa4} b3 {Black threatens to win
material: b3xc2} 27. Qe2 Nb6 28. Be3 Ra8 29. d5 $2 (29. Rf1 $15) 29... exd5 $4
{a transit from better to worse.} (29... Nxd5 $142 $5 30. Nxc4 Nxe3 31. Nxe3
Bxf4 $19) 30. Bxb6 (30. Qf2 $5 {is worth looking at} Na4 31. Rxd5 Bxe5 32. fxe5
$11) 30... Qxb6+ $17 31. Kg2 Bxe5 32. Qxe5 Rad8 33. Kg3 Qc6 34. Qd4 f6 35. Re7
Qd6 $4 {throws away a nice position} (35... Rfe8 $142 36. Rde1 Rxe7 37. Rxe7
Rd7 $15) 36. Qa7 $18 Qxe7 37. Qxe7 Rfe8 38. Qc5 Re2 (38... Kh7 {does not help
much} 39. Kf3 $18) 39. Rxd5 Rde8 (39... Rxd5 {is not the saving move} 40. Qxd5+
Kh8 41. Qxc4 Rxb2 42. Qd3 $18) 40. Qxc4 R8e3+ 41. Kh4 g5+ (41... Kh7 {doesn't
get the bull off the ice} 42. Rd8 g5+ 43. fxg5 fxg5+ 44. Kxg5 $18) 42. fxg5 Kh7
(42... fxg5+ 43. Rxg5+ Re6 $18) 43. gxf6 Rh2 (43... gxf6 {does not win a prize}
44. Rh5+ Kg7 45. Qc8 Rxh3+ 46. Kxh3 Re3+ 47. Kh4 Re1 48. Qd7+ Kg8 49. Rb5 Rh1+
50. Kg3 Rg1+ 51. Kf2 Rf1+ 52. Kxf1 Kf8 53. Rb8#) 44. Rh5+ (44. fxg7 Rexh3+ 45.
Kg5 Rh5+ 46. gxh5 Rg2+ 47. Kh4 Rxg7 48. Qe4+ Kg8 49. Rd8+ Kf7 50. Qf5+ Ke7 51.
Rd7+ Ke8 52. Qe6+ Kf8 53. Rd8#) 44... Kg6 45. Rg5+ (45. Qf1 Rexh3+ 46. Qxh3
Rxh3+ 47. Kxh3 gxf6 48. Rf5 Kf7 49. g5 Ke6 50. Rxf6+ Ke5 51. Rf2 Ke6 52. g6 Kd6
53. g7 Kc6 54. g8=Q Kd7 55. Rf6 Ke7 56. Qg7+ Ke8 57. Rf8#) 45... Kh6 $18 46.
Rh5+ Kg6 47. Qf1 (47. Qf1 Rexh3+ 48. Qxh3 Rxh3+ 49. Kxh3 Kf7 50. fxg7 Kxg7 51.
Rf5 Kh6 52. Kg3 Kg7 53. c4 Kh6 54. Kh4 Kg6 55. Kh3 Kh6 56. c5 Kg7 57. c6 Kh8
58. Rf7 Kg8 59. Rd7 Kf8 60. c7 Ke8 61. c8=Q#) 1-0